द मिडिल पैसेज/ (Record no. 85388)

MARC details
000 -LEADER
fixed length control field 00987nam a22001937a 4500
005 - DATE AND TIME OF LATEST TRANSACTION
control field 20140710143446.0
010 ## - LCCN (DPL NO)
LC control number BAC-HN24
020 ## - INTERNATIONAL STANDARD BOOK NUMBER
International Standard Book Number 9780143414728
Terms of availability 299.00
035 ## - SYSTEM CONTROL NUMBER
System control number B-485107-127
037 ## - SOURCE OF ACQUISITION
Source of stock number/acquisition आकार
100 ## - MAIN ENTRY--PERSONAL NAME
Personal name नायपॉल, वी.एस.
245 ## - TITLE STATEMENT
Title द मिडिल पैसेज/
Statement of responsibility, etc वी.एस. नायपॉल; सुमन बाजपेयी द्वारा अनुदित
260 ## - PUBLICATION, DISTRIBUTION, ETC. (IMPRINT)
Place of publication, distribution, etc नई दिल्ली
Name of publisher, distributor, etc पेंगुइन बुक्स
Date of publication, distribution, etc 2013
270 ## - ADDRESS
Address 11, कम्युनिटी सेंटर, पंचशील पार्क
City नई दिल्ली
Postal code 110017
300 ## - PHYSICAL DESCRIPTION
Extent 254 पृ.
Dimensions 22 सें.मी.(अजिल्द)
700 ## - ADDED ENTRY--PERSONAL NAME
Personal name पांडे, भावना
9 (RLIN) 49538
942 ## - ADDED ENTRY ELEMENTS (KOHA)
Source of classification or shelving scheme Dewey Decimal Classification
Item type Hindi Books
Call number suffix नायपॉ

No items available.


© Delhi Public Library
Hit Counter
free hit counter